00860nam a22002177a 4500999001900000005001700019010001500036020002600051035001400077037001300091082001000104245013500114260004200249270010600291300003800397700001500435700002000450700002800470942002400498952012000522 c191500d19150020220829105627.0 aENG-134729 a9788170002559c450.00 aEN-118261 bDBAD/PUB a025.4 aChanging trends in library and information science:bseminar volume/cedited by M.D. Baby, R. Reghunathan & stanly james pradeepam aNew DelhibEss Ess Publicationsc2000 a4837/24, Ansari road, daryaganjbNew Delhie110002k011-3260807l011-3274173messess@del3.vsnl.net.in a189p.c22cm(hbk)bAppendix, Index aBaby, M.D. aReghunathan, R. aPradeepam, Stanly james 2ddccENh025.4mCHA 001040708NFICaAVbAVd2022-08-29eDBAD/PUBg450.00l0o025.4 CHApEN-118261r2022-08-29 00:00:00t1v450.00yEN